LEADER 01550nam a2200217 i 4500 001 000000200716 003 CaOOAMICUS 005 20110413000000.0 008 110413s1937 it u000 u ita u 013 $a179417 040 $aSeMil$bita 100 1 $aAndreatti, Giovanni Battista.$0(OLS)http://semarc/name/72448 245 13$aLa soluzione pratica e facile del problema della Tubercolosi del Clero, delle Congregazioni Religiose e degli Istituti Educativi :$bmanuale ad uso specialmente dei Medici pratici, dei Superiori e Professori dei Seminari, delle Congregazioni religiose, degli Istituti educativi e di quanti profani si interessano del problema della tubercolosi /$cdott. G. B. Andreatti. 260 $aVarese :$bTipografia arcivescovile dell'Addolorata,$c1937. 300 $aXVI, 143 p. ;$c24 cm. 500 $aIn preliminari : dedica autografa dell'autore al card. Schuster. 650 4$aTubercolosi.$0(OLS)http://semarc/subject/40288 850 $aSeMil 852 $aSeMil$W1$xVenegono$y1$m3XK II 21$j151245$B151245$CSeMilBibl$Z2$F162496 $81 996 $6245$aLa soluzione pratica e facile del problema della Tubercolosi del Clero, delle Congregazioni Religiose e degli Istituti Educativi :$bmanuale ad uso specialmente dei Medici pratici, dei Superiori e Professori dei Seminari, delle Congregazioni religiose, degli Istituti educativi e di quanti profani si interessano del problema della tubercolosi$9(OLS)http://semarc/title/290290 996 $6260$aVarese :$bTipografia arcivescovile dell'Addolorata$9(OLS)http://semarc/publisher/30138 LEADER 01179nam a2200229 i 4500 001 000000001244 003 CaOOAMICUS 005 20180830125434.0 008 180830s1986 it u000 u ita u 040 $aSeMil$bita 100 1 $aBossuet, Jacques-Bénigne,$c.$0(OLS)http://semarc/name/1094 245 10$aMeditazioni sui Vangeli /$cJacques Bénigne Bossuet ; [traduzione dal francese condotta sui manoscritti originali di Elena Riello]. 260 $aRoma :$bCittà Nuova,$c1986. 300 $a2 v. ;$c19 cm. 500 $aIn custodia. 650 4$aBibbia - NT - Vangeli - Meditazioni.$0(OLS)http://semarc/subject/459 700 1 $aRiello, Elena.$0(OLS)http://semarc/name/1095 773 0 $tSpiritualità nei secoli.$dRoma : Città Nuova, [199?]$w()9819 774 0 $tDiscorso della Montagna ; Preparazione all'ultima settimana del Salvatore e alla Cena.$kSpiritualità nei secoli$z88-311-4033-7$g1$w()67411 774 0 $tUltima settimana del Salvatore e la Cena.$kSpiritualità nei secoli$z88-311-4033-7$g2$w()68165 996 $6245$aMeditazioni sui Vangeli$9(OLS)http://semarc/title/2034 996 $6260$aRoma :$bCittà Nuova$9(OLS)http://semarc/publisher/29609